书目信息 |
| 题名: |
河北省普通高校专科接本科教育公共课考试指南
|
|
| 作者: | ||
| 分册: | 理工 财经 管理类 | |
| 出版信息: | 2004 |
|
| 页数: | 359页 | |
| 开本: | 26cm | |
| 丛书名: | ||
| 单 册: | ||
| 中图分类: | G642.474 | |
| 科图分类: | ||
| 主题词: | 教育--各级 | |
| 电子资源: | ||
| ISBN: | ||
| 000 | 00530nam0 2200169 450 | |
| 001 | 0636244766 | |
| 005 | 20070803095743.78 | |
| 100 | @a20060929d2004 km y0chiy0120 ea | |
| 101 | 0 | @achi |
| 200 | 1 | @a河北省普通高校专科接本科教育公共课考试指南@Ahe bei sheng pu tong gao xiao zhuan ke jie ben ke jiao yu gong gong ke kao shi zhi nan@e2005@h理工 财经 管理类 |
| 210 | @d2004 | |
| 215 | @a359页@d26cm | |
| 517 | 1 | @a2005 |
| 606 | 0 | @a教育@x各级 |
| 690 | @aG642.474@v3 | |
| 801 | 0 | @aCN@bNISOFT@c20070803 |
| 905 | @a10447@dG642.474@e235:1(2005) | |
| 河北省普通高校专科接本科教育公共课考试指南:2005.理工 财经 管理类.-2004 |
| 359页;26cm |
| ISBN : |
| ● |
| 相关链接 |
|
|
|
|
正题名:河北省普通高校专科接本科教育公共课考试指南
索取号:G642.474/235:1(2005)
 
预约/预借
| 序号 | 登录号 | 条形码 | 馆藏地/架位号 | 状态 | 备注 |
| 1 | 0504187 | 205041872 | 密集书库/ [索取号:G642.474/235:1(2005)] | 在馆 | |
| 2 | 0504188 | 205041881 | 密集书库/ [索取号:G642.474/235:1(2005)] | 在馆 | |
| 3 | 0504189 | 205041890 | 密集书库/ [索取号:G642.474/235:1(2005)] | 在馆 | |
| 4 | 0774202 | 207742022 | 密集书库/ [索取号:G642.474/235:1(2005)] | 在馆 | |
| 5 | 0774203 | 207742031 | 密集书库/ [索取号:G642.474/235:1(2005)] | 在馆 | |
| 6 | 0774204 | 207742040 | 密集书库/ [索取号:G642.474/235:1(2005)] | 在馆 | |
| 7 | 0774205 | 207742059 | 密集书库/ [索取号:G642.474/235:1(2005)] | 在馆 | |
| 8 | 0774206 | 207742068 | 密集书库/ [索取号:G642.474/235:1(2005)] | 在馆 | |
| 9 | 0774207 | 207742077 | 密集书库/ [索取号:G642.474/235:1(2005)] | 在馆 | |
| 10 | 0774208 | 207742086 | 密集书库/ [索取号:G642.474/235:1(2005)] | 在馆 | |
| 11 | 0791406 | 207914060 | 密集书库/ [索取号:G642.474/235:1(2005)] | 在馆 | |
| 12 | 0791705 | 207917058 | 密集书库/ [索取号:G642.474/235:1(2005)] | 在馆 |